Statistics for Julie Walters Filmography

Click here to take the quiz!

General Stats

  • This quiz has been taken 9 times
  • The average score is 15 of 122

Answer Stats

Type Year Name % Correct
Theater1980Educating Rita
100%
TV Mini-Series1989Victoria Wood
78%
TV Show1998-2000Dinnerladies
78%
Film2008Mamma Mia!
78%
Film2000Billy Elliot
78%
Film2018Mamma Mia! Here We Go Again
67%
Theater2005Acorn Antiques: The Musical
67%
TV Show1986-1987Acorn Antiques
67%
Film2009Harry Potter and the Half-Blood Prince
56%
Film2004Harry Potter and the Prisoner of Azkaban
56%
Film2002Harry Potter and the Chamber of Secrets
56%
Film2010Harry Potter and the Deathly Hallows - Part 1
56%
TV Show1985-1986Victoria Wood as Seen on TV
56%
Film2011Harry Potter and the Deathly Hallows - Part 2
56%
Film2003Calendar Girls
44%
Film2007Harry Potter and the Order of the Phoenix
44%
Film2001Harry Potter and the Philosopher's Stone
44%
TV Show1981Wood and Walters
44%
TV Show1982Boys from the Blackstuff
22%
TV Show1991G.B.H.
22%
TV Film2010Mo
22%
TV Film2009A Short Stay in Switzerland
11%
TV Mini-Series1995Jake's Progress
11%
TV Show2009Victoria Wood's Mid Life Christmas
11%
Novel2007Maggie's Tree
11%
TV Show1988Talking Heads
11%
Film1991Stepping Out
11%
Film2014Paddington
11%
Autobiography2009That's Another Story: The Autobiography
11%
Film2017Paddington 2
11%
Film2020The Secret Garden
11%
Film2018Mary Poppins Returns
11%
TV Show1979-1981Screenplay
11%
Documentary Series2017Coastal Railways with Julie Walters
11%
TV Show2015-2016Indian Summers
11%
Film2015Brooklyn
11%
Film1985She'll Be Wearing Pink Pyjamas
11%
TV Show1985The Secret Diary of Adrian Mole, Aged 13¾
11%
TV Film1994Pat and Margaret
11%
Film1986Car Trouble
11%
TV Film2008Filth: The Mary Whitehouse Story
0%
TV Film2006The Ruby in the Smoke
0%
TV Film2005Ahead of the Class
0%
Film2005Wah-Wah
0%
Film2004Mickybo and Me
0%
Film2007Becoming Jane
0%
Film2006Driving Lessons
0%
TV Play1975Second City Firsts
0%
Film2011Gnomeo & Juliet
0%
Film2014Effie Gray
0%
Documentary Series2019-PresentHeathrow: Britain's Busiest Airport
0%
Film2018Wild Rose
0%
Film2018Sherlock Gnomes
0%
Film2017Film Stars Don't Die in Liverpool
0%
Documentary Series2017Our Friend Victoria
0%
TV Mini-Series2016National Treasure
0%
TV Documentary2015A Grand Night In: The Story of Aardman
0%
TV Show2015Very British Problems
0%
Film2013The Harry Hill Movie
0%
TV Mini-Series2011The Jury
0%
Film2013One Chance
0%
Film2013Justin and the Knights of Valour
0%
Theater2012The Last of the Haussmans
0%
Film2012Thread of Evidence
0%
TV Film2012Henry V
0%
TV Film2012Henry IV, Part II
0%
TV Film2012Henry IV, Part I
0%
Film2012Brave
0%
TV Mini-Series2003The Canterbury Tales
0%
TV Mini-Series1999Oliver Twist
0%
Film2003The Return
0%
TV Show1984Love and Marriage
0%
Film1988Buster
0%
TV Play1987Theatre Night
0%
Film1987Prick Up Your Ears
0%
Film1987Personal Services
0%
TV Show1985, 1993Screen Two
0%
Theater1985Macbeth
0%
Film1985Dreamchild
0%
Theater1984-1985Fool for Love
0%
Theater1984Jumpers
0%
TV Show1982Objects of Affection
0%
Theater1989Frankie and Johnny in the Claire de Lune
0%
Theater1981Having a Ball
0%
TV Show1981BBC2 Playhouse
0%
TV Play1981Happy Since I Met You
0%
TV Play1980Nearly a Happy Ending
0%
Theater1979Flaming Bodies
0%
TV Show1979Empire Road
0%
TV Play1978, 1982Play for Today
0%
TV Play1978Me! I'm Afraid of Virginia Woolf
0%
Theater1977Breezeblock Park
0%
TV Show1977The Liver Birds
0%
Film1989Mack the Knife
0%
Film1990Killing Dad or How to Love Your Mother
0%
Film2002Before You Go
0%
Short Film1997Bathtime
0%
TV Film2002Murder
0%
TV Film2001Strange Relations
0%
Film2001Lover's Prayer
0%
Theater2000All My Sons
0%
Theater1976Funny Peculiar
0%
TV Mini-Series1998Talking Heads 2
0%
Film1998Titanic Town
0%
Film1998Girls' Night
0%
TV Film1998Jack and the Beanstalk
0%
TV Mini-Series1997Melissa
0%
TV Film1996Brazen Hussies
0%
Memoir1990Baby Talk: The Secret Diary of a Pregnant Woman
0%
Film1996Intimate Relations
0%
TV Film1996Roald Dahl Little Red Riding Hood
0%
TV Film1994Requiem Apache
0%
Film1994Sister My Sister
0%
TV Film1994Bambino Mio
0%
TV Film1993Wide-Eyed and Legless
0%
TV Special1992Victoria Wood's All Day Breakfast
0%
Film1992Just like a Woman
0%
Theater1991The Rose Tattoo
0%
TV Film1991Julie Walters and Friends
0%
Theater????The Taming of the Shrew
0%

Score Distribution

Percentile by Number Answered

Percent of People with Each Score

Your Score History

You have not taken this quiz